000
00407nam a2200145Ia 4500
008
100122s9999 xx 000 0 und d
082
_b
14241
_a
823
100
_a
मंत्री रमेश
245
_a
महानगर
260
_b
मॅजेस्टिक बुक स्टॉल
_c
1966
300
_a
261
630
_a
महानगर
730
_a
महानगर
942
_c
BOOK
999
_c
404817
_d
404814